| 000 | 01025cam a22002531i 4500 | ||
|---|---|---|---|
| 003 | SA-RiAUC | ||
| 005 | 20250627150719.0 | ||
| 008 | 250626s1999 sy g 00000 ara c | ||
| 040 |
_aSA-JeALM _bara _cSA-RiAUC _erda |
||
| 082 | 0 | 4 |
_a410.8 _qSA-RiAUC |
| 090 |
_a410.8 _b م ب ا |
||
| 100 | 1 |
_aالمبارك، مازن، _d1930- _eمؤلف. |
|
| 245 | 1 | 0 |
_aمقالات في العربية / _cمازن المبارك. |
| 250 | _aالطبعة الأولى. | ||
| 264 | 1 |
_aدمشق : _bدار البشائر للطباعة والنشر والتوزيع، _c1999 |
|
| 300 |
_a224 صفحة ؛ _c24 سم |
||
| 336 |
_aنص _btxt _2rdacontent _3كتاب |
||
| 337 |
_aبدون وسيط _bn _2rdamedia |
||
| 338 |
_aمجلد _bnc _2rdacarrier |
||
| 500 | _aاهداء من المؤلف مازن المبارك الى الشيخ رحمه الله بتاريخ 8 / 8 / 1420 هـ | ||
| 650 | 7 |
_aاللغة العربية _vمقالات ومحاضرات _2aucsh |
|
| 942 |
_2ddc _cBOOK _n0 |
||
| 949 |
_aSA-JeALM _d250626 _uosman123 _n1 |
||
| 999 |
_c9243 _d9243 |
||